| 000 | 00787cam a2200157 4500500 | ||
|---|---|---|---|
| 005 | 20260208001413.0 | ||
| 041 | _afre | ||
| 042 | _adc | ||
| 100 | 1 | 0 |
_aLoizillon, Victor _eauthor |
| 245 | 0 | 0 | _aGuillaume Piketty (dir.) Sortir de la guerre Des guerres de religion aux conflits asymétriques. Passés / Composés – Ministère des Armées, 2025, 464 pages, 25 €. |
| 260 | _c2026. | ||
| 500 | _a75 | ||
| 520 | _aEva Jospin nous convie à un voyage vers l’universel dans l’art : l’exploration fascinante de ses grottes présentées au Grand Palais invite à la recherche des convergences humaines. | ||
| 786 | 0 | _nÉtudes | 4334 | 2 | 2026-01-26 | p. 134a-135 | 0014-1941 | |
| 856 | 4 | 1 | _uhttps://shs.cairn.info/revue-etudes-2026-2-page-134a?lang=fr&redirect-ssocas=7080 |
| 999 |
_c1644848 _d1644848 |
||